| 000 | 00989nam a22002297a 4500 | ||
|---|---|---|---|
| 005 | 20240305165427.0 | ||
| 007 | cr|||| |||| | ||
| 008 | 141021s1994 ec |||||s|||| 00||0 spa d | ||
| 020 | _a9978-84-208-X | ||
| 035 | _a12487 | ||
| 040 | _avLex | ||
| 090 |
_c5256 _d5256 |
||
| 245 | 0 | 0 |
_aMedios alternativos en la solución de conflictos legales _h[Recurso electrónico] / |
| 256 | _aServicio en línea | ||
| 260 |
_aQuito: _bCorporación Editoria Nacional, _c1994 |
||
| 300 | _a1 recurso electrónico | ||
| 506 | 1 |
_aDisponible solo en los productos indicados _dvLex Global _dvLex Global (Academic Edition, excluding Law Schools) _dvLex Global (U.S. Academic Edition, Law Schools) _dvLex Global (U.S. Academic Edition, excluding Law Schools) _dvLex Global (Academic Edition, Law Schools) |
|
| 650 | 0 | 4 |
_aArbitraje _zEcuador |
| 740 | 0 | _avLex Libros (Servicio en línea) | |
| 856 | 4 | 0 | _uhttps://app.vlex.com/#/sources/medios-alternativos-solucion-conflictos-legales-12487 |
| 942 | _cRAA | ||
| 999 |
_c163600 _d163600 |
||